本当に存在する駅は? - Statistics

General Stats
  • This quiz has been taken 50 times
  • The average score is 8 of 11
Answers on the Grid
Answers color-coded by a green-red scale on the quiz's grid according to % correct below.
東京
新上野
新大宮
大山
新宇都宮
新那須塩原
新白河
新郡山
新福島
東白石
東仙台
東古川
新くりこま高原
新一ノ関
新水沢江刺
新北上
新花巻
新盛岡
新いわて沼宮内
新二戸
新今宮
八戸ノ里
新七戸十和田
新青森
 
Answer Stats
Answer % Correct
新白河
87%
新青森
87%
東京
84%
新今宮
82%
新花巻
76%
新大宮
74%
東白石
71%
東仙台
66%
大山
61%
八戸ノ里
61%
新福島
58%
No matching quizzes found
Score Distribution
Percent of People with Each Score
Percentile by Number Answered
Your Score History
You have not taken this quiz